Statistics for Pixar Directors

Click here to take the quiz!

General Stats

  • This quiz has been taken 26 times
  • The average score is 14 of 22

Answer Stats

MovieAnswer% Correct
UpPete Docter
100%
Monsters, Inc.Pete Docter
100%
Inside OutPete Docter
100%
Incredibles 2Brad Bird
80%
The IncrediblesBrad Bird
80%
RatatouilleBrad Bird
80%
Toy StoryJohn Lasseter
80%
A Bug's LifeJohn Lasseter
80%
Cars 2John Lasseter
80%
Toy Story 2John Lasseter
80%
CarsJohn Lasseter
80%
WALL-EAndrew Stanton
67%
Finding NemoAndrew Stanton
67%
Finding DoryAndrew Stanton
67%
Toy Story 3Lee Unkrich
60%
CocoLee Unkrich
60%
Toy Story 4Josh Cooley
33%
Monsters UniversityDan Scanlon
27%
The Good DinosaurPeter Sohn
27%
Cars 3Brian Fee
13%
BraveMark Andrews
13%
OnwardDan Scanlon
7%

Score Distribution

Percentile by Number Answered

Percent of People with Each Score

Your Score History

You have not taken this quiz